000 00387cam a2200145ua 4500
041 _aeng
_h
082 _a338.6048
_bROB/EC
100 _aRobinson, Joan .
245 _aEconomics of imperfect competition /
_cJoan Robinson.
_hTextual Documents
260 _aMelbourne :
_bMacMillan and Company Limited ,
_c1964.
300 _a352 ; .
504 _a
942 _cBK
999 _c2663
_d2663